[Event "Challenge"]
[Site "http://www.queenalice.com/game.php?id=17101"]
[Date "2005.6.22"]
[Round "-"]
[White "floridaflag"]
[Black "JimMorrisson"]
[Result "1/2-1/2"]
[WhiteElo "2085"]
[BlackElo "2049"]

1. d4 Nf6 2. c4 g6 3. Nc3 Bg7 4. e4 d6 5. Nf3 O-O 6. Be2 c5 7. O-O cxd4 8. Nxd4
Nc6 9. Be3 Bd7 10. Qd2 Nxd4 11. Bxd4 Bc6 12. f3 Nd7 13. Be3 a5 14. b3 Nc5 15.
Rab1 Qb6 16. Nd5 Bxd5 17. cxd5 Rfc8 18. Rbc1 Qb4 19. Qxb4 axb4 20. Rc2 Bc3 21.
Kh1 Ra3 22. Bc4 Rca8 23. Rff2 R3a5 24. g3 Kg7 25. Bd2 Bxd2 26. Rfxd2 Kf6 27. Kg1
Ke5 28. Kf2 Nd7 29. f4+ 1/2-1/2

[Event "Challenge"]
[Site "http://www.queenalice.com/game.php?id=31201"]
[Date "2005.10.1"]
[Round "-"]
[White "georgiaflag"]
[Black "floridaflag"]
[Result "0-1"]
[WhiteElo "1962"]
[BlackElo "2100"]

1. e4 e5 2. Nf3 Nc6 3. d4 exd4 4. Nxd4 Bc5 5. Be3 Qf6 6. c3 Nge7 7. Bc4 Ne5 8.
Be2 Qg6 9. O-O d6 10. f3 O-O 11. Kh1 d5 12. Nd2 dxe4 13. fxe4 Bg4 14. Bf4 Bd6
15. Bxg4 Nxg4 16. h3 Bxf4 17. Rxf4 Ne5 18. N2f3 Qd6 19. g3 Rae8 20. Nxe5 Qxe5
21. Nf3 Qe6 22. Qe1 Qxh3+ 0-1

[Event "Challenge"]
[Site "http://www.queenalice.com/game.php?id=31202"]
[Date "2005.10.1"]
[Round "-"]
[White "floridaflag"]
[Black "georgiaflag"]
[Result "1-0"]
[WhiteElo "2108"]
[BlackElo "1952"]

1. d4 d5 2. c4 c6 3. Nf3 Nf6 4. Nc3 dxc4 5. a4 Bf5 6. e3 e6 7. Bxc4 Bb4 8. O-O
Nbd7 9. Nh4 Bg6 10. Qb3 a5 11. g3 Qb6 12. Nxg6 hxg6 13. Rd1 O-O-O 14. Bf1 Rh5
15. Bg2 Rdh8 16. h3 g5 17. e4 g4 18. h4 Nh7 19. Ne2 Nhf6 20. Be3 R5h7 21. Rdc1
Kb8 22. d5 c5 23. dxe6 fxe6 24. Nf4 Re8 25. Nd3 Qd6 26. e5 1-0

[Event "Let's Play Chess!"]
[Site "http://www.queenalice.com/game.php?id=42252"]
[Date "2005.12.8"]
[Round "-"]
[White "floridaflag"]
[Black "capanegra"]
[Result "1-0"]
[WhiteElo "2130"]
[BlackElo "2195"]

1. e4 c5 2. Nf3 a6 3. Nc3 e6 4. d4 cxd4 5. Nxd4 Nc6 6. g3 Qc7 7. Bg2 Nf6 8. O-O
d6 9. Re1 Be7 10. Nxc6 bxc6 11. e5 dxe5 12. Rxe5 O-O 13. Bf4 Qb7 14. Re2 Rd8 15.
Qe1 Bd7 16. Na4 Nd5 17. Bd2 Qb5 18. b3 Qb7 19. c4 Nc7 20. Be3 e5 21. Bb6 Bg4 22.
Re4 f5 23. Rxe5 Bf6 24. Re7 Bxa1 25. Bd5+ cxd5 26. Qxa1 d4 27. Bxd4 Qe4 28.
Rxg7+ Kf8 29. Bc5+ Ke8 30. Nc3 Qe5 31. Re7+ Qxe7 32. Bxe7 Kxe7 33. Qe1+ Kd7 34.
Qe3 Re8 35. Qd4+ Kc6 36. Na4 Rab8 37. Kg2 Red8 38. Qe3 Bh5 39. h4 Bg4 40. f3 Bh5
41. g4 Bg6 42. gxf5 Bf7 43. Qe4+ 1-0

[Event "Let's Play Chess!"]
[Site "http://www.queenalice.com/game.php?id=42253"]
[Date "2005.12.8"]
[Round "-"]
[White "capanegra"]
[Black "floridaflag"]
[Result "0-1"]
[WhiteElo "2199"]
[BlackElo "2115"]

1. e4 Nf6 2. e5 Nd5 3. c4 Nb6 4. d4 d6 5. exd6 cxd6 6. Nc3 g6 7. h3 Bg7 8. Nf3
O-O 9. Be2 Nc6 10. O-O Bf5 11. Be3 d5 12. c5 Nc4 13. Bxc4 dxc4 14. Qa4 e5 15.
Rfd1 exd4 16. Nxd4 Bd3 17. Nxc6 bxc6 18. Qxc6 Rb8 19. Qa6 Rxb2 20. Rac1 Re8 21.
Qa3 Rb8 22. Qxa7 Re7 23. Qa3 Rxe3 24. fxe3 Qg5 25. Re1 Be5 26. c6 Bc7 27. Rcd1
Qg3 0-1

[Event "Let's Play Chess!"]
[Site "http://www.queenalice.com/game.php?id=55204"]
[Date "2006.2.28"]
[Round "-"]
[White "csparrow"]
[Black "floridaflag"]
[Result "0-1"]
[WhiteElo "2259"]
[BlackElo "2148"]

1. Nf3 Nf6 2. d4 g6 3. c4 Bg7 4. Nc3 O-O 5. e4 d6 6. Be2 e5 7. Be3 c6 8. Qc2 Ng4
9. Bg5 f6 10. Bh4 Nh6 11. O-O-O g5 12. Bg3 g4 13. Ne1 f5 14. exf5 Bxf5 15. Bd3
exd4 16. Ne4 d5 17. cxd5 cxd5 18. Nd6 Na6 19. Qb3 Rf6 20. Qxd5+ Be6 21. Qxd4 Nf7
22. Bxa6 Nxd6 23. Bd3 Qa5 24. Nc2 Rc8 25. Rhe1 Nf5 26. Qxg4 Ne3 27. Qe4 Nxc2 28.
Qxh7+ Kf7 29. Bxc2 Bf5 30. Qh5+ Kf8 0-1

[Event "Let's Play Chess!"]
[Site "http://www.queenalice.com/game.php?id=55205"]
[Date "2006.2.28"]
[Round "-"]
[White "floridaflag"]
[Black "csparrow"]
[Result "1/2-1/2"]
[WhiteElo "2163"]
[BlackElo "2244"]

1. e4 c5 2. Nf3 d6 3. d4 cxd4 4. Nxd4 Nf6 5. Nc3 a6 6. Be3 e5 7. Nb3 Be6 8. f3
h5 9. Nd5 Bxd5 10. exd5 Nbd7 11. Be2 g6 12. O-O Bg7 13. c4 Qc7 14. Rc1 b6 15.
Nd2 Bh6 16. Bxh6 Rxh6 17. b4 a5 18. a3 Kf8 19. f4 Kg7 20. fxe5 Nxe5 21. Nf3 axb4
22. axb4 Nxf3+ 23. Rxf3 Ng4 24. Qd4+ Ne5 25. Rcf1 f5 26. Re3 Ra4 27. Rb1 Kg8 28.
Qc3 Rh7 29. Bd1 Ra8 30. Rxe5 dxe5 31. c5 Qb8 32. Bb3 bxc5 33. d6+ 1/2-1/2

[Event "Challenge"]
[Site "http://www.queenalice.com/game.php?id=64526"]
[Date "2006.4.20"]
[Round "-"]
[White "losloper"]
[Black "floridaflag"]
[Result "0-1"]
[WhiteElo "2280"]
[BlackElo "2166"]

1. e4 c5 2. Nf3 d6 3. d4 cxd4 4. Nxd4 Nf6 5. Nc3 a6 6. Bg5 Nbd7 7. Bc4 e6 8. O-O
Qb6 9. Qd2 Qxb2 10. Bxe6 fxe6 11. Nxe6 Kf7 12. a3 Kxe6 13. Rfb1 Qxa1 14. Rxa1
Kf7 15. Nd5 Rb8 16. Re1 b6 17. Qc3 Nxd5 18. exd5 h6 19. Bh4 a5 20. Qc7 b5 21.
Qd8 b4 22. axb4 a4 23. Bg3 Kg6 24. c4 Kh7 25. Qa5 Nf6 0-1

[Event "Let's Play Chess!"]
[Site "http://www.queenalice.com/game.php?id=81261"]
[Date "2006.6.30"]
[Round "-"]
[White "Lukius"]
[Black "floridaflag"]
[Result "1/2-1/2"]
[WhiteElo "2225"]
[BlackElo "2192"]

1. e4 c5 2. Nf3 d6 3. d4 cxd4 4. Nxd4 Nf6 5. Nc3 a6 6. f3 e5 7. Nb3 Be6 8. Be3
Nbd7 9. Qd2 Be7 10. g4 O-O 11. O-O-O Qc7 12. Kb1 Rfc8 13. g5 Nh5 14. Nd5 Bxd5
15. exd5 Nb6 16. Na5 Nf4 17. Bxf4 exf4 18. Bh3 Re8 19. Qxf4 Bf8 20. Qb4 g6 21.
Rhe1 Re5 22. Rxe5 dxe5 23. Qe4 Rd8 24. a3 Be7 25. d6 Rxd6 26. Rxd6 Qxd6 27. Nxb7
Qd2 28. Qxe5 Bxg5 29. Nd6 Qf4 30. Nxf7 Kxf7 31. Qe6+ Kg7 32. Qxb6 Qc1+ 33. Ka2
Qxc2 34. Qxa6 Qxh2 35. Qb7+ Kf8 36. Be6 Be7 37. Bd5 Qe5 38. a4 Qd4 39. Qd7 h5
1/2-1/2

[Event "Let's Play Chess!"]
[Site "http://www.queenalice.com/game.php?id=85060"]
[Date "2006.7.13"]
[Round "-"]
[White "Kaupauki"]
[Black "floridaflag"]
[Result "0-1"]
[WhiteElo "2259"]
[BlackElo "2210"]

1. e4 c5 2. Nf3 d6 3. d4 cxd4 4. Nxd4 Nf6 5. Nc3 a6 6. Be2 e5 7. Nb3 Be7 8. O-O
O-O 9. Kh1 Qc7 10. g4 Be6 11. g5 Nfd7 12. f4 exf4 13. Bxf4 Nc6 14. Nd5 Bxd5 15.
Qxd5 b5 16. Rac1 Nb6 17. Qd2 Qb7 18. Rce1 Ne5 19. Nd4 Rae8 20. Bd3 Nbc4 21. Qc3
Rc8 22. Qb3 Rc5 23. Nf5 Rd8 24. Kg1 Bf8 25. Rd1 d5 26. Be2 Re8 27. Bxc4 Nxc4 28.
e5 Qd7 29. Qh3 Qe6 30. b3 Nxe5 31. Rde1 d4 32. Bxe5 Rxe5 33. Rxe5 Qxe5 34. Qf3
Rc8 35. Kh1 Rc7 36. Rf2 g6 37. Nh6+ Bxh6 38. gxh6 Re7 39. Qa8+ Re8 40. Qb7 Qe4+
41. Qxe4 Rxe4 42. Rf6 Re6 43. Rf4 Rd6 44. Re4 Kf8 45. a4 bxa4 46. bxa4 f6 47.
Kg2 f5 48. Re5 Rc6 49. Rd5 Rxc2+ 50. Kg1 Rc4 51. Rd7 Rxa4 52. Rxh7 d3 53. Rd7
Kg8 54. Kf2 d2 55. Rg7+ Kh8 56. Ke2 Rd4 57. Kd1 f4 58. Rxg6 a5 59. Rc6 Kh7 60.
h3 a4 0-1

[Event "Let's Play Chess!"]
[Site "http://www.queenalice.com/game.php?id=85063"]
[Date "2006.7.13"]
[Round "-"]
[White "floridaflag"]
[Black "Kaupauki"]
[Result "1-0"]
[WhiteElo "2195"]
[BlackElo "2304"]

1. e4 d6 2. Nc3 e5 3. Nf3 c5 4. Bc4 Nc6 5. O-O Be7 6. d3 Nf6 7. Ng5 O-O 8. f4
exf4 9. Bxf4 Bg4 10. Qd2 Ne5 11. Bxe5 dxe5 12. Qe1 Bd7 13. a4 Bc6 14. Qg3 h6 15.
Nf3 Bd6 16. Nh4 Kh7 17. Qh3 g6 18. Rf2 Bd7 19. Qg3 Be8 20. Raf1 Be7 21. Nd1 b6
22. Ne3 a6 23. Qh3 b5 24. Nhf5 gxf5 25. Qxf5+ Kg7 26. Qxe5 bxc4 27. Nd5 Bd6 28.
Qc3 Rg8 29. Nxf6 Kf8 30. Nh7+ Ke7 31. dxc4 Rg6 32. Nf6 Kf8 33. Nxe8 Kxe8 34.
Rxf7 Qg5 35. Qf3 Rc8 36. Rh7 Rc7 37. Rh8+ Rg8 38. Rxg8+ Qxg8 39. e5 Bf8 40. Qa8+
Ke7 41. e6 Qg7 42. c3 a5 43. Qa6 Qg6 44. Qxa5 Rc6 45. Qa8 1-0